1962 1100 1459 1934 1247 1798 1824 1851 1854 1987 1740 1206 1005 1840 1888 1175 1325 1603 1362 1595 1500 1011 1852 1630 1516 1228 1823 1631 1107 1782 1154 1844 1231 1263 1985 1203 1250 1808 1076 1806 1052 1849 1469 1704 1949 1571 1442 1583 1863 1267 1704 1330 1686 1055 1575 1354 1896 1503 1683 1942 1693 1735 1928 1808 1164 1637 1547 1822 1105 1995 1739 1308 1552 2000 1018 1866 1454 1846 1920 1172 1730 1952 1776 1508 1651 1562 1851 1023 1683 1637 1965 1412 1104 1800 1912 1106 1780 1917 1832 BCNSPRNW ULIB Ver.6.0+V

เปลี่ยนเป็นภาษาไทย

Change to English
 แสดงรายละเอียดบรรณานุกรม
  กลับหน้าหลัก

Brief Record : Get Marc (ISO 2709) : E-mail record : QR code < ปิดหน้าต่าง
LEADER : 00000nam 2200000uu 4500
001    13399127935
003     ULIB
008    211115s2021||||th 000 0 tha d
020    ^a9781260468731
060 04 ^aWM18.2^bT756c
100 1  ^aToy, Klamen
245 10 ^aCase files.^pPsychiatry /^cToy, Klamen
246 1  ^aPsychiatry
250    ^a6th ed.
260    ^aNew York :^bMcGraw Hill Medical,^c2021
300    ^axvi, 586 p. :^bill. ;^c23 cm.
504    ^aIncludes bibliographical references and index
650  0 ^aPsychiatry^vCase studies
650 12 ^aMental Disorders^vCase Reports
650 12 ^aMental Disorders^vProblems and Exercises
650 22 ^aPsychology, Clinical^vCase Reports
650 22 ^aPsychology, Clinical^vProblems and Exercises
945    ^p1224^l0^i008523
999    ^aประนอม เกษจรัล
รายการนี้ยังไม่มีแท็ก
คุณยังไม่ได้ล็อกอิน คุณสามารถมีกิจกรรมร่วมกับเว็บไซต์ได้ แต่ต้องล็อกอินก่อน ::
  ล็อกอิน

รายการสื่อสารสนเทศ

ลำดับที่ ประเภท เลขเรียก/บาร์โค้ด สถานที่ สถานะ
1. วิทยาศาสตร์การแพทย์ และสุขภาพ
หนังสือสำรอง
สถานะ=หนังสือสำรอง
WM18.2 T756c ฉ.1 
  Barcode: 008523
ห้องสมุดวิทยาเขตสวรรค์ประชารักษ์
►หนังสือทั่วไป
ถูกยืม กำหนดส่งวันที่ 1 มีนาคม 2569
  จอง

BibComment


ยังไม่เคยถูกคอมเมนท์

คอมเมนท์ทรัพยากรรายการนี้
  คอมเมนท์: Case files Psych..


 Copyright 2026. Bcnsprnw @Library